| 000 -LEADER | |
|---|---|
| fixed length control field | 00404nam a22001697a 4500 |
| 005 - DATE AND TIME OF LATEST TRANSACTION | |
| control field | 20160630112553.0 |
| 008 - FIXED-LENGTH DATA ELEMENTS--GENERAL INFORMATION | |
| fixed length control field | 160630b xxu||||| |||| 00| 0 eng d |
| 020 ## - INTERNATIONAL STANDARD BOOK NUMBER | |
| ISBN | 978-0-07-068179-8 |
| 041 ## - LANGUAGE CODE | |
| Language code of text/sound track or separate title | eng |
| 082 ## - DEWEY DECIMAL CLASSIFICATION NUMBER | |
| Item number | 19555 |
| 100 ## - MAIN ENTRY--AUTHOR NAME | |
| Personal name | Bhandari V B |
| 245 ## - TITLE STATEMENT | |
| Title | Design of Machines Element |
| 260 ## - PUBLICATION, DISTRIBUTION, ETC. (IMPRINT) | |
| Name of publisher | Mc graw Hill |
| Year of publication | 2014 |
| 300 ## - PHYSICAL DESCRIPTION | |
| Number of Pages | 926 |
| 650 ## - SUBJECT ADDED ENTRY--TOPICAL TERM | |
| Topical Term | Diploma Engineering |
| 942 ## - ADDED ENTRY ELEMENTS (KOHA) | |
| Koha item type | Books |
| Lost status | Damaged status | Home library | Current library | Shelving location | Date acquired | Cost, normal purchase price | Full call number | Accession Number | Koha item type |
|---|---|---|---|---|---|---|---|---|---|
| JRU Library | SHELF-47-J | 30/06/2016 | 599.00 | 19555 | 19555 | Books | |||
| JRU Library | SHELF-47-J | 30/06/2016 | 599.00 | 19555 | 19556 | Books | |||
| JRU Library | SHELF-47-J | 30/06/2016 | 599.00 | 19555 | 19557 | Books | |||
| JRU Library | SHELF-47-J | 30/06/2016 | 599.00 | 19555 | 19558 | Books | |||
| JRU Library | SHELF-47-J | 30/06/2016 | 599.00 | 19555 | 19559 | Books | |||
| Lost and Paid For | JRU Library | JRU Library | 30/06/2016 | 599.00 | 19555 | 19560 | Books | ||
| JRU Library | SHELF-47-J | 30/06/2016 | 599.00 | 19555 | 19561 | Books | |||
| JRU Library | SHELF-47-J | 30/06/2016 | 599.00 | 19555 | 19562 | Books | |||
| Lost and Paid For | JRU Library | 30/06/2016 | 599.00 | 19555 | 19563 | Books | |||
| JRU Library | SHELF-47-J | 30/06/2016 | 599.00 | 19555 | 19564 | Books |